Dirtiest Cities in America - Statistics

General Stats
  • This quiz has been taken 71 times
  • The average score is 8 of 15
Answer Stats
Sanitation Complaint Rate (per 100k) City Population % Correct
7,400 Chicago 2,721,000
84%
21,600 Los Angeles 3,879,000
81%
47,300 Baltimore 568,000
66%
8,400 Dallas 1,326,000
64%
6,300 Houston 2,390,000
64%
7,700 Nashville 705,000
59%
10,300 Boston 673,000
58%
17,400 Memphis 611,000
58%
7,900 Pittsburgh 308,000
48%
31,100 Charlotte 500,000
45%
8,900 Kansas City 516,000
44%
8,900 San Antonio 1,527,000
41%
34,200 Sacramento 586,000
31%
8,500 Buffalo 277,000
27%
6,100 Oakland 444,000
27%
No matching quizzes found
Score Distribution
Percent of People with Each Score
Percentile by Number Answered
Your Score History
You have not taken this quiz